Polish cuisine by Images - Statistics

General Stats
  • This quiz has been taken 162 times
  • The average score is 12 of 16
Answer Stats
Picture Answer % Correct
Pierogi
99%
Paczki
83%
Zurek
83%
Barszcz
80%
Bigos
80%
Kielbasa
80%
Golabki
78%
Rosol
78%
Sernik
76%
Nalesniki
73%
Makowiec
66%
Kluski
62%
Oscypek
62%
Kotlet Schabowy
52%
Gulasz
50%
Flaki
48%
No matching quizzes found
Score Distribution
Percent of People with Each Score
Percentile by Number Answered
Your Score History
You have not taken this quiz